Návrh opatrení na zlepšenie procesu odbytu v podniku AGRO-MOVINO, spol. s r.o. : Bakalárska práca

Salvato in:
Dettagli Bibliografici
Autore principale: Heimlich, Michal, 1988- (Autore)
Altri autori: Bestvinová, Viera, 1958- (Relatore della tesi)
Natura: Manoscritto Libro
Lingua:slovacco
Pubblicazione: Trnava : STU v Bratislave MTF UPMK, 2011
Soggetti:
Accesso online:VAIS
Tags: Aggiungi Tag
Nessun Tag, puoi essere il primo ad aggiungerne!!

MARC

LEADER 00000ntm a22000003a 4500
001 stu231468
005 20160719160530.1
008 110713s2011----xo------------------slo-d
040 |a STU  |b slo 
041 0 |a slo 
044 |a xo 
100 1 |a Heimlich, Michal,  |d 1988-  |4 aut  |X 56849  |7 A000056849 
242 0 0 |a The proposal of arrangements to improve the sales process in the company AGRO-MOVINO, spol. s r.o.  |y eng 
245 1 |a Návrh opatrení na zlepšenie procesu odbytu v podniku AGRO-MOVINO, spol. s r.o. :  |b Bakalárska práca 
260 |a Trnava :  |b STU v Bratislave MTF UPMK,  |c 2011 
300 |a 58 s., CD-ROM 
650 7 |a odbyt  |2 stusub 
650 7 |a podnik  |2 stusub 
650 7 |a analýza  |2 stusub 
650 7 |a analysis  |2 estusub 
650 7 |a priemyselné manažérstvo  |2 stusub 
650 7 |a Industrial Management  |2 estusub 
700 1 |a Bestvinová, Viera,  |d 1958-  |4 ths  |u M4000  |U MTF Materiálovotechnologická fakulta  |T MTF Ústav priemyselného inžinierstva a manažmentu  |X 1541  |U M4000  |Y 84  |7 A000001541 
856 4 |a info a plný text  |u http://is.stuba.sk/zp/portal_zp.pl?podrobnosti=57542  |3 VAIS 
996 |c M*BP-5425  |l MMSKP  |s P  |a 0  |w stu231468_0001